| 000 | 00000nam##2200000za#4500 |
| 001 | 9.676839 |
| 003 | CaOODSP |
| 005 | 20210624230055 |
| 007 | cr ||||||||||| |
| 008 | 150407|1984||||xxc|||||o f|0| 0 eng|d |
| 040 | |aCaOODSP|beng |
| 041 | |aeng |
| 041 | |afre |
| 043 | |an-cn--- |
| 086 | 1 |aA53-1727/1984-PDF |
| 110 | 1 |aCanada.|bAgriculture Canada. |bCommunications Branch. |
| 245 | 10|aNew winter-hardy roses and other flowering shrubs / |h[electronic resource]|c[by] Felicitas Svejda. |
| 250 | |aRev. |
| 260 | |aOttawa - Ontario : |bAgriculture Canada. |cc1984. |
| 300 | |a36p.|bcoloured illus., tables |
| 500 | |aHistorical publication digitized by Agriculture and Agri-Food Canada. |
| 590 | |a15-03-Supp|b2015-03-13 |
| 690 | 07|aAgri-food industry|2gcpds |
| 720 | 1 |aSvejda, Felicitas |
| 792 | |tNouveaux cultivars de rosiers résistants au froid et autres arbustes à fleurs / |efre|w(CaOODSP)9.676840 |
| 856 | 40|ahttp://publications.gc.ca|qPDF|s2073 KB|uhttps://publications.gc.ca/collections/collection_2015/aac-aafc/A53-1727-1984.pdf |
| 986 | |aPublication 1727 |